[Event "AUTO-ADV-1141"]
[Site "http://www.queenalice.com/game.php?id=577699"]
[Date "2009.4.25"]
[Round "2"]
[White "patlang"]
[Black "Hakkinen"]
[Result "1/2-1/2"]
[WhiteElo "1948"]
[BlackElo "1907"]

1. e4 c5 2. Nf3 d6 3. Bb5+ Bd7 4. a4 Qa5 5. Bxd7+ Nxd7 6. O-O Ngf6 7. d3 g6 8.
Bd2 Qc7 9. Bc3 Bg7 10. Re1 O-O 11. e5 dxe5 12. Nxe5 e6 13. Qf3 Rfd8 14. Nxd7
Nxd7 15. Bxg7 Kxg7 16. Nc3 a6 17. Ne4 Rf8 18. Ng5 Kg8 19. Qh3 h5 20. b3 Rae8 21.
Re2 Qf4 22. Ne4 b6 23. Rae1 Kg7 24. Qg3 Qxg3 25. Nxg3 Nf6 26. Ne4 Nd5 27. Nd2
Nc3 28. Re3 b5 29. axb5 axb5 30. Ne4 Nd5 31. Rf3 Ra8 32. Nxc5 Rac8 33. d4 Rfd8
34. c3 Ne7 35. b4 Nd5 36. h3 Ra8 37. h4 Ra3 38. Rxe6 Rc8 39. Re1 Rxc3 40. Rxc3
Nxc3 41. Re7 Nd5 42. Rd7 Nxb4 43. Rb7 Nc2 44. Rxb5 Nxd4 45. Rb4 Ne2+ 46. Kf1
Rxc5 47. Kxe2 Kf6 48. g3 1/2-1/2

[Event "AUTO-ADV-1141"]
[Site "http://www.queenalice.com/game.php?id=577700"]
[Date "2009.4.25"]
[Round "2"]
[White "Hakkinen"]
[Black "patlang"]
[Result "1-0"]
[WhiteElo "1909"]
[BlackElo "1946"]

1. d4 d5 2. c4 dxc4 3. Nc3 c6 4. a4 Bf5 5. e4 Bg6 6. Bxc4 e6 7. Nf3 Bb4 8. Qe2
Nf6 9. e5 Nd5 10. Bxd5 cxd5 11. O-O Nc6 12. Bd2 Bh5 13. Nb5 a6 14. Bxb4 axb5 15.
axb5 Nxd4 16. Qd3 Nxf3+ 17. gxf3 f6 18. Bd6 fxe5 19. Bxe5 O-O 20. f4 Qh4 21. Qg3
Qg4 22. b6 g6 23. Ra7 Rxa7 24. bxa7 Ra8 25. Bb8 Qe2 26. Qe3 Bg4 27. Qxe2 Bxe2
28. Rc1 Bc4 29. Kg2 Kf7 30. Kf3 Kf6 31. Rc3 b5 32. b3 Bf1 33. Rc7 h5 34. Rc8 Kf7
35. Ke3 Bh3 36. Rc5 Bf1 37. b4 Kf6 38. h4 Kf5 39. Kf3 Bc4 40. Rc8 e5 41. fxe5 d4
42. Rf8+ Ke6 43. Rf6+ Ke7 44. Rxg6 d3 45. Ke3 Ba2 46. Rg5 Bb3 47. Rxh5 Bc4 48.
Rg5 Kf7 49. h5 1-0

[Event "AUTO-ADV-1141"]
[Site "http://www.queenalice.com/game.php?id=577701"]
[Date "2009.4.25"]
[Round "2"]
[White "patlang"]
[Black "JMRNETO"]
[Result "1-0"]
[WhiteElo "1933"]
[BlackElo "2035"]

1. e4 e5 2. Nf3 Nc6 3. Bb5 d6 4. d4 a6 5. Bxc6+ bxc6 6. dxe5 d5 7. exd5 cxd5 8.
O-O Bg4 9. c3 Bc5 10. b4 Bb6 11. Bf4 Ne7 12. Qd3 Bf5 13. Qe2 h6 14. Nd4 Bxd4 15.
cxd4 O-O 16. Nc3 Nc6 17. Qe3 g5 18. Bg3 Nxb4 19. Qf3 Bg6 20. Rad1 c6 21. h4 gxh4
22. Bh2 Kh7 23. Qg4 Qg5 24. Qf3 Bh5 25. Qe3 Rg8 26. Qxg5 hxg5 27. Rb1 a5 28. a3
Na6 29. Rb6 c5 30. Nxd5 Rg6 31. dxc5 Nxc5 32. Rxg6 Bxg6 33. Rc1 Nd3 34. Rd1 Rc8
35. Nf6+ Kg7 36. Nd5 Nb2 37. Re1 Be4 38. Ne3 Nd3 39. Rd1 Kg6 40. f3 Bf5 41. Nxf5
Kxf5 42. Rxd3 g4 43. fxg4+ Kxg4 44. Rd4+ Kh5 45. Bf4 Rc2 46. Rd5 Kg4 47. Rd4 Kf5
48. Ra4 Rc5 49. Kh2 f6 50. exf6 Kxf6 51. Kh3 Rh5 52. Bc7 Kf7 53. Rxh4 Rc5 54. a4
Kg6 55. Bb6 Rf5 56. Re4 Rd5 57. g4 Kg5 58. Kg3 Rd3+ 59. Be3+ Kf6 60. Kf4 Rb3 61.
g5+ Kg6 62. Re6+ Kg7 63. Kf5 Rb4 64. Re4 Rb7 65. Bd4+ Kg8 66. g6 Rb8 67. Re5
Rf8+ 68. Kg5 Rc8 69. Rxa5 Rc1 70. Ra8+ 1-0

[Event "AUTO-ADV-1141"]
[Site "http://www.queenalice.com/game.php?id=577702"]
[Date "2009.4.25"]
[Round "2"]
[White "JMRNETO"]
[Black "patlang"]
[Result "0-1"]
[WhiteElo "2044"]
[BlackElo "1929"]

1. e4 e5 2. Nf3 Nc6 3. Bb5 Bc5 4. Nc3 d6 5. d4 exd4 6. Nxd4 Bd7 7. Nxc6 bxc6 8.
Bc4 Qf6 9. Qe2 Bd4 10. Bd2 Ne7 11. O-O O-O 12. Rad1 c5 13. e5 Bxe5 14. Ne4 Qg6
15. c3 Bc6 16. Ng3 Bxg3 17. fxg3 Qe4 18. Qxe4 Bxe4 19. Bg5 Ng6 20. Bd5 Bxd5 21.
Rxd5 f6 22. Bd2 Ne5 23. Bf4 Nc4 24. b3 Ne5 25. Bxe5 fxe5 26. a3 a5 27. Rf3 Rab8
28. b4 axb4 29. cxb4 cxb4 30. a4 Rxf3 31. gxf3 Ra8 32. a5 b3 33. Rb5 b2 34. Rxb2
Rxa5 35. Kf2 Kf7 36. Ke3 Ke6 37. Rb7 Rc5 38. g4 Kd5 39. Kd3 Ke6 40. h4 Kf6 41.
Ra7 h6 42. Ra8 Kf7 43. Ra3 g6 44. Ra8 h5 45. gxh5 gxh5 46. Rh8 c6 47. Ke4 Ke6
48. Rxh5 d5+ 49. Kd3 e4+ 50. Kd4 Rc4+ 51. Ke3 Rc3+ 52. Kf2 Rxf3+ 53. Ke2 c5 54.
Rh8 c4 55. h5 Kf6 56. Rd8 Rd3 57. h6 Kg6 58. Rd6+ Kh7 59. Rc6 c3 60. Ke1 c2 61.
Rxc2 Kxh6 62. Ke2 Kg5 63. Rc8 Kf4 64. Rf8+ Ke5 65. Re8+ Kd4 66. Rc8 Rc3 67. Rd8
Rc2+ 68. Kd1 Ra2 69. Rd7 e3 70. Re7 Kd3 71. Kc1 e2 72. Kb1 Rd2 0-1

[Event "AUTO-ADV-1447"]
[Site "http://www.queenalice.com/game.php?id=640341"]
[Date "2009.8.21"]
[Round "1"]
[White "devagar"]
[Black "patlang"]
[Result "1/2-1/2"]
[WhiteElo "1925"]
[BlackElo "1952"]

1. e4 c5 2. Nf3 Nc6 3. Bb5 a6 4. Bxc6 dxc6 5. O-O g6 6. d3 Bg7 7. c3 Bg4 8. Be3
b6 9. Qe2 Nf6 10. Nbd2 O-O 11. h3 Bd7 12. Rad1 a5 13. Nh2 Qc7 14. f4 Be6 15. a3
Rad8 16. g4 a4 17. Nhf3 h5 18. Ne5 hxg4 19. hxg4 Nh7 20. d4 cxd4 21. cxd4 b5 22.
f5 Bb3 23. Nxb3 axb3 24. fxg6 fxg6 25. Nxg6 Qg3+ 26. Kh1 Qh3+ 27. Kg1 Qg3+ 28.
Kh1 Qh3+ 1/2-1/2

[Event "AUTO-ADV-1447"]
[Site "http://www.queenalice.com/game.php?id=640342"]
[Date "2009.8.21"]
[Round "1"]
[White "patlang"]
[Black "devagar"]
[Result "0-1"]
[WhiteElo "1948"]
[BlackElo "1933"]

1. Nf3 d5 2. b3 Nf6 3. Bb2 Nbd7 4. e3 g6 5. Be2 Bg7 6. O-O O-O 7. d4 c5 8. dxc5
Nxc5 9. Nbd2 Bg4 10. Ne5 Bxe2 11. Qxe2 Rc8 12. Rac1 e6 13. Ndf3 Nce4 14. Nd2
Nxd2 15. Qxd2 Ne4 16. Qb4 Qc7 17. Nd3 a5 18. Qb5 b6 19. Bxg7 Kxg7 20. Qa4 Nc3
21. Qd4+ e5 22. Qg4 f5 23. Qh3 Ne2+ 24. Kh1 Nxc1 25. Rxc1 Qc3 26. g3 b5 27. g4
f4 28. Qf3 e4 0-1

[Event "AUTO-ADV-1447"]
[Site "http://www.queenalice.com/game.php?id=640353"]
[Date "2009.8.21"]
[Round "1"]
[White "DORLISS"]
[Black "patlang"]
[Result "0-1"]
[WhiteElo "1848"]
[BlackElo "1940"]

1. e4 e5 2. Nf3 Nc6 3. Bb5 d6 4. h3 Bd7 5. O-O Nf6 6. Re1 Be7 7. c3 a6 8. Ba4
O-O 9. d4 exd4 10. cxd4 b5 11. Bc2 Nb4 12. Bb3 a5 13. a3 Nc6 14. Nc3 a4 15. Ba2
h6 16. Nh4 Nh7 17. Nf5 Bxf5 18. exf5 Bf6 19. Nxb5 Ra5 20. Qd3 Qb8 21. Nc3 Bxd4
22. Rb1 Qa7 23. Be3 Bxe3 24. Rxe3 Ne5 25. Qe2 Nf6 26. Rg3 Ned7 27. Qd2 Kh7 28.
Re1 Rxf5 29. Bb1 Qc5 30. Bxf5+ Qxf5 31. Qd3 Qxd3 32. Rxd3 Rb8 33. Rd2 Ne5 34.
Nxa4 Kg6 35. Nc3 Nc4 36. Rd3 Rxb2 37. Ra1 Rb3 38. a4 Nd5 39. Rxd5 Rxc3 40. a5 c6
41. a6 cxd5 42. a7 Nb6 43. a8=N Nxa8 44. Rxa8 d4 45. Kf1 d3 46. Ke1 Kf6 47. Kd2
Rc2+ 48. Kxd3 Rxf2 49. Ra6 Ke6 50. Ke4 Rxg2 51. Kf3 Rg5 52. Ra4 Rc5 53. Re4+ Re5
54. Rg4 g6 55. Rd4 h5 56. Rh4 d5 57. Rd4 f5 58. Rb4 Re4 59. Rb6+ Kf7 60. Rb7+
Kf6 61. Rb6+ Kg5 62. Rb1 Ra4 63. Rg1+ Kf6 64. Rc1 d4 65. Rc6+ Kg5 66. Rc2 Ra3+
67. Kf2 Rxh3 68. Kg2 Re3 69. Kf1 d3 70. Rd2 f4 0-1

[Event "AUTO-ADV-1447"]
[Site "http://www.queenalice.com/game.php?id=640354"]
[Date "2009.8.21"]
[Round "1"]
[White "patlang"]
[Black "DORLISS"]
[Result "1/2-1/2"]
[WhiteElo "1951"]
[BlackElo "1888"]

1. f4 d5 2. Nf3 Nc6 3. b3 e5 4. fxe5 Nxe5 5. Nxe5 Qh4+ 6. g3 Qd4 7. Nxf7 Kxf7 8.
Nc3 Nf6 9. e3 Qe5 10. Bg2 Bf5 11. O-O Kg8 12. d4 Qe6 13. Nb5 Qd7 14. a4 Bh3 15.
Nxc7 Bxg2 16. Nxa8 Bxf1 17. Qxf1 Qc8 18. Nb6 axb6 19. Qb5 Qxc2 20. Qxb6 Qd1+ 21.
Kg2 Qe2+ 22. Kg1 Qe1+ 23. Kg2 Qe2+ 24. Kg1 Qe1+ 25. Kg2 1/2-1/2

[Event "AUTO-ADV-1447"]
[Site "http://www.queenalice.com/game.php?id=640359"]
[Date "2009.8.21"]
[Round "1"]
[White "Marcelo_Bruno"]
[Black "patlang"]
[Result "0-1"]
[WhiteElo "1846"]
[BlackElo "1927"]

1. e4 c5 2. f4 d5 3. exd5 Qxd5 4. Nc3 Qe6+ 5. Qe2 Nc6 6. Qxe6 Bxe6 7. Bb5 Bd7 8.
a3 a6 9. Ba4 b5 10. Bb3 c4 11. Ba2 g6 12. b3 cxb3 13. Bxb3 Bg7 14. Bb2 Rc8 15.
Rb1 Nf6 16. Nf3 Bg4 17. O-O Bxf3 18. Rxf3 Nd4 19. Re3 Nxb3 20. cxb3 e6 21. Ne4
Nh5 22. Bxg7 Nxg7 23. Nd6+ Ke7 24. Nxc8+ Rxc8 25. Rc3 Rd8 26. Rd1 Nf5 27. Rc7+
Kf6 28. g3 Rd3 29. Rc3 Rd6 30. Kf2 h5 31. b4 Rd4 32. d3 Rd6 33. h3 h4 34. g4 Ng3
35. Rc5 Ne4+ 36. dxe4 Rxd1 37. g5+ Kg7 38. Rc3 Rd4 39. Kf3 Rd7 40. Ke3 f6 41.
Rc6 fxg5 42. fxg5 Kf7 43. Rxa6 Rc7 44. Rb6 Rc3+ 45. Kf2 Rxh3 46. Rxb5 Rxa3 47.
Kg2 Re3 48. e5 Re4 49. Kh3 Ke7 50. Rb7+ Kd8 51. Rg7 Rxe5 52. Kxh4 Rb5 53. Rxg6
Rxb4+ 54. Kg3 Ke7 55. Rf6 Ra4 56. Rf3 Ra8 57. Kg4 e5 58. g6 Rg8 59. Kg5 Rg7 60.
Kh6 Rg8 61. Kh7 Re8 62. Rf7+ Ke6 63. Kg7 e4 64. Rf8 Re7+ 65. Kg8 e3 66. Rf1 e2
67. Re1 Kf6 68. g7 Rxg7+ 69. Kh8 Rg2 70. Kh7 Kf5 71. Kh6 Kf4 72. Kh5 Kf3 73. Kh4
Kf2 74. Ra1 e1=Q 75. Rxe1 Kxe1 0-1

[Event "AUTO-ADV-1447"]
[Site "http://www.queenalice.com/game.php?id=640360"]
[Date "2009.8.21"]
[Round "1"]
[White "patlang"]
[Black "Marcelo_Bruno"]
[Result "1/2-1/2"]
[WhiteElo "1931"]
[BlackElo "1821"]

1. e4 e5 2. Nf3 Nc6 3. Bb5 a6 4. Bxc6 dxc6 5. O-O Nf6 6. Nxe5 Bd6 7. Nc4 Be6 8.
Nxd6+ Qxd6 9. d4 Nxe4 10. Re1 Nf6 11. Nc3 O-O 12. Bg5 Bg4 13. f3 Bf5 14. Bxf6
Qxf6 15. Ne4 Bxe4 16. fxe4 Rad8 17. c3 Rfe8 18. e5 Qe6 19. Qf3 Rd5 20. Re4 Rf8
21. Rf1 Rd7 22. Rh4 Qg6 23. Qh3 Re7 24. Rg4 Qe6 25. Qg3 Qh6 26. h3 Re6 27. Kh2
Rg6 28. Rxg6 Qxg6 29. Qxg6 hxg6 30. g4 Re8 31. Kg3 Re6 32. Kf4 f6 33. Ke4 b6 34.
h4 Kf7 35. Rf2 1/2-1/2

[Event "AUTO-ADV-1234"]
[Site "http://www.queenalice.com/game.php?id=672256"]
[Date "2009.10.25"]
[Round "2"]
[White "THECRAZY"]
[Black "patlang"]
[Result "1-0"]
[WhiteElo "1802"]
[BlackElo "1984"]

1. d4 d5 2. c4 dxc4 3. e4 b5 4. Nc3 c6 5. a4 Bd7 6. Nf3 g6 7. axb5 cxb5 8. Bf4
Bg7 9. Nd5 Na6 10. Rxa6 Nf6 11. Nc7+ Kf8 12. Nxa8 Qxa8 13. d5 Nxe4 14. Ng5 Nxg5
15. Bxg5 h6 16. Be3 Bxb2 17. g3 Bc3+ 18. Ke2 e6 19. Bg2 exd5 20. Bxd5 Qc8 21.
Rxa7 Be6 22. Ra8 1-0

[Event "AUTO-ADV-1234"]
[Site "http://www.queenalice.com/game.php?id=672257"]
[Date "2009.10.25"]
[Round "2"]
[White "patlang"]
[Black "THECRAZY"]
[Result "1-0"]
[WhiteElo "1961"]
[BlackElo "1659"]

1. e4 c5 2. Nf3 a6 3. c3 Nc6 4. d4 cxd4 5. Nxd4 d6 6. Be2 e5 7. Nb3 Nf6 8. Bg5
Be7 9. N1d2 h6 10. Bh4 O-O 11. O-O Nh7 12. Bxe7 Qxe7 13. f4 b6 14. fxe5 dxe5 15.
Nc4 Ng5 16. Bf3 Rd8 17. Qe2 Qa7 18. Kh1 Be6 19. Ne3 b5 20. Rad1 Bxb3 21. axb3
Rd7 22. Nd5 Rad8 23. h4 Nxf3 24. Qxf3 b4 25. Qg3 Kh8 26. c4 Nd4 27. Qxe5 Ne2 28.
Rd2 f6 29. Qh2 1-0

[Event "AUTO-ADV-1234"]
[Site "http://www.queenalice.com/game.php?id=672260"]
[Date "2009.10.25"]
[Round "2"]
[White "zolaweed"]
[Black "patlang"]
[Result "1-0"]
[WhiteElo "2050"]
[BlackElo "1998"]

1. c4 g6 2. Nc3 Bg7 3. Qc2 Nf6 4. d4 d5 5. e3 c6 6. Nf3 Bf5 7. Qb3 b6 8. cxd5
Nxd5 9. Bc4 Be6 10. e4 Nxc3 11. bxc3 Bxc4 12. Qxc4 O-O 13. O-O b5 14. Qb3 a5 15.
a4 b4 16. e5 h6 17. cxb4 axb4 18. Qxb4 Nd7 19. Qc4 Qc7 20. e6 Nb6 21. exf7+ Kh7
22. Qb3 Nd5 23. Ng5+ Kh8 24. Qh3 Nf4 25. Bxf4 Qxf4 26. Ne6 Qf6 27. Nxf8 Rxf8 28.
a5 Qxf7 29. a6 Ra8 30. Qc3 Qd5 31. Ra4 Qb5 32. Ra5 Qb6 33. Qc5 Bxd4 34. Qxb6
Bxb6 35. Ra4 Kg7 36. Rb1 Rb8 37. h3 Bxf2+ 38. Kxf2 Rxb1 39. a7 Rb2+ 40. Kg3 Rb3+
41. Kh2 c5 42. a8=Q h5 43. Rf4 g5 44. Qf8+ Kg6 45. Rf7 1-0

[Event "AUTO-ADV-1234"]
[Site "http://www.queenalice.com/game.php?id=672261"]
[Date "2009.10.25"]
[Round "2"]
[White "patlang"]
[Black "zolaweed"]
[Result "1-0"]
[WhiteElo "1982"]
[BlackElo "1992"]

1. e4 e5 2. Nf3 Nc6 3. Bc4 h6 4. b3 Nf6 5. Nc3 Bc5 6. Na4 Nxe4 7. Qe2 d5 8. Bb5
Bxf2+ 9. Kf1 Bb6 10. d3 a6 11. Bxc6+ bxc6 12. dxe4 1-0

[Event "Challenge"]
[Site "http://www.queenalice.com/game.php?id=742073"]
[Date "2010.3.6"]
[Round "-"]
[White "patlang"]
[Black "MORTIMER"]
[Result "1-0"]
[WhiteElo "1969"]
[BlackElo "1897"]

1. e4 c5 2. Nf3 e6 3. c3 d5 4. Bd3 c4 5. Bc2 a6 6. exd5 Qxd5 7. d4 Nf6 8. b3 Bd7
9. O-O Be7 10. Nbd2 b5 11. bxc4 bxc4 12. Re1 Qa5 13. Bb2 Qb5 14. Rb1 a5 15. Ba3
Qa6 16. Bxe7 Kxe7 17. Ne5 Rc8 18. Nxd7 Nbxd7 19. Ne4 Kf8 20. Qf3 Qc6 21. Nxf6
Nxf6 22. Re5 Qxf3 23. gxf3 Nd5 24. Bxh7 g6 25. Bxg6 fxg6 26. Rxe6 Kf7 27. Rd6
1-0

[Event "Challenge"]
[Site "http://www.queenalice.com/game.php?id=742074"]
[Date "2010.3.6"]
[Round "-"]
[White "patlang"]
[Black "ungern"]
[Result "1-0"]
[WhiteElo "1965"]
[BlackElo "1672"]

1. d4 d5 2. Nc3 Nf6 3. Bg5 e6 4. e4 Be7 5. exd5 exd5 6. Bd3 Nc6 7. Nf3 Bd7 8.
Bxf6 Bxf6 9. Nxd5 Nxd4 10. Nxf6+ Qxf6 11. Nxd4 Qxd4 12. Rb1 O-O-O 13. O-O Qe5
14. Re1 Qg5 15. Re3 Rhe8 16. Rg3 Qh6 17. Qf3 f6 18. Bf5 Bxf5 19. Qxf5+ Kb8 20.
h3 g5 21. Rf3 Rf8 22. Re1 Qg7 23. Re6 Rd6 24. Rxd6 cxd6 25. Qe6 Kc7 26. Rc3+ Kb8
27. Qxd6+ Ka8 28. Qc7 Qxc7 29. Rxc7 h5 30. g3 f5 31. Rh7 h4 32. gxh4 gxh4 33.
Rxh4 Rg8+ 34. Kh2 a6 35. Rf4 Rf8 36. h4 Ka7 37. Kh3 Rc8 38. c3 b5 39. Rxf5 Kb6
40. h5 Rh8 41. Kh4 a5 42. Re5 Kc6 43. Kg5 Rg8+ 44. Kh4 Rh8 45. f4 a4 46. f5 Rh6
47. Kg5 Rh8 48. h6 Rg8+ 49. Kh5 Rh8 50. Kg6 Rg8+ 51. Kf7 Rg5 52. h7 Kd6 53. h8=Q
1-0

[Event "AUTO-MASTER-1410"]
[Site "http://www.queenalice.com/game.php?id=938848"]
[Date "2011.5.16"]
[Round "1"]
[White "luciopac"]
[Black "patlang"]
[Result "1-0"]
[WhiteElo "2200"]
[BlackElo "1928"]

1. e4 e5 2. Nf3 Nc6 3. Bb5 d6 4. d4 exd4 5. Nxd4 Bd7 6. Nxc6 bxc6 7. Bc4 Nf6 8.
Nc3 Be7 9. O-O O-O 10. h3 Re8 11. f4 h6 12. Qf3 Be6 13. Bxe6 fxe6 14. e5 Nd5 15.
Qg4 Nxc3 16. Qxe6+ Kh8 17. bxc3 dxe5 18. Qxc6 exf4 19. Bxf4 Bd6 20. Rad1 Re6 21.
c4 Qe8 22. Qxe8+ Raxe8 23. Bxd6 cxd6 24. Rd2 Kg8 25. Rfd1 Re1+ 26. Kf2 Rxd1 27.
Rxd1 Re6 28. Kf3 Kf7 29. Rd5 Rf6+ 30. Ke3 Ke6 31. c3 Rf7 32. g4 Rc7 33. Kd4 g6
34. a4 a6 35. c5 dxc5+ 36. Rxc5 Rd7+ 37. Ke4 Rd6 38. a5 g5 39. Rc7 Kf6 40. Rh7
Kg6 41. Rb7 Re6+ 42. Kd4 Rd6+ 43. Kc4 Rc6+ 44. Kb4 Re6 45. Rb6 Kf6 46. Kc5 Ke5
47. Rxe6+ Kxe6 48. Kb6 1-0

[Event "AUTO-MASTER-1410"]
[Site "http://www.queenalice.com/game.php?id=938849"]
[Date "2011.5.16"]
[Round "1"]
[White "patlang"]
[Black "luciopac"]
[Result "0-1"]
[WhiteElo "1947"]
[BlackElo "2207"]

1. e4 d5 2. exd5 Qxd5 3. Nc3 Qa5 4. Nf3 Bg4 5. Be2 c6 6. d4 Nf6 7. Bd2 Qc7 8.
O-O e6 9. Ne5 Bxe2 10. Qxe2 Nbd7 11. Rfe1 Nxe5 12. Qxe5 Bd6 13. Qg5 O-O 14. h3
Rfe8 15. Rad1 Rad8 16. Re3 Bf4 17. Qh4 Bxe3 18. Bxe3 e5 19. dxe5 Rxd1+ 20. Nxd1
Qxe5 21. Nc3 a6 22. Qb4 Qc7 23. Na4 Rd8 24. g3 Nd5 25. Qb3 Nxe3 26. Qxe3 h6 27.
Nc3 Qd6 28. h4 b5 29. Kg2 b4 30. Ne4 Qd4 31. Qf4 Re8 32. f3 Qxb2 0-1

[Event "AUTO-MASTER-1410"]
[Site "http://www.queenalice.com/game.php?id=938862"]
[Date "2011.5.16"]
[Round "1"]
[White "grotegeest"]
[Black "patlang"]
[Result "1-0"]
[WhiteElo "2170"]
[BlackElo "1972"]

1. d4 d5 2. c4 g6 3. cxd5 Qxd5 4. Nc3 Qa5 5. e4 Bg7 6. Nf3 Nf6 7. Bd2 c6 8. Bc4
Qc7 9. e5 Nfd7 10. Bxf7+ Kxf7 11. Ng5+ Ke8 12. Ne6 Qb6 13. Na4 Qa6 14. Nc7+ 1-0

[Event "AUTO-MASTER-1410"]
[Site "http://www.queenalice.com/game.php?id=938863"]
[Date "2011.5.16"]
[Round "1"]
[White "patlang"]
[Black "grotegeest"]
[Result "0-1"]
[WhiteElo "1949"]
[BlackElo "2319"]

1. e4 c5 2. Nf3 Nc6 3. c3 d5 4. exd5 Qxd5 5. b3 Nf6 6. Bc4 Qe4+ 7. Qe2 Qxe2+ 8.
Bxe2 g6 9. O-O Bg7 10. Bb2 O-O 11. d4 cxd4 12. Nxd4 Nxd4 13. cxd4 Be6 14. Nd2
Rac8 15. Bc4 Nd5 16. Nf3 Rfd8 17. a3 Nf4 18. Rac1 Bxc4 19. bxc4 Ne2+ 20. Kh1
Nxc1 21. Rxc1 Rd7 22. Rc2 Rdc7 23. Nd2 Bh6 24. c5 Bxd2 25. Rxd2 b6 26. h3 bxc5
27. dxc5 Rxc5 28. Rd7 R5c7 29. Rd3 Rc2 30. Be5 Rxf2 31. Bd4 Rf1+ 32. Kh2 Rd8 33.
Rd2 e5 34. Be3 Rxd2 35. Bxd2 f5 36. Be3 f4 37. Bxa7 e4 38. Bb8 e3 39. a4 e2 0-1

[Event "AUTO-MASTER-1410"]
[Site "http://www.queenalice.com/game.php?id=938872"]
[Date "2011.5.16"]
[Round "1"]
[White "patlang"]
[Black "tranquilli_calmo"]
[Result "0-1"]
[WhiteElo "1941"]
[BlackElo "2019"]

1. e4 c5 2. Nf3 d6 3. Bb5+ Bd7 4. Bxd7+ Qxd7 5. O-O Nc6 6. d3 Qg4 7. h3 Qg6 8.
Nc3 e6 9. Nh2 Be7 10. f4 Nd4 11. Be3 a6 12. Ne2 Bf6 13. c3 Nc6 14. Ng3 Qxg3 15.
Rf3 Qg6 16. f5 exf5 17. exf5 Qh5 18. Bxc5 O-O-O 19. Bf2 Ne5 20. Re3 Qxd1+ 21.
Rxd1 Ne7 22. g4 h5 23. Nf3 N7c6 24. Kg2 hxg4 25. Nxe5 gxh3+ 26. Rxh3 Nxe5 27. d4
Nc4 28. b3 Rxh3 29. Kxh3 Rh8+ 30. Kg4 Nb6 31. d5 Nd7 32. c4 Ne5+ 33. Kf4 Rh2 34.
Rf1 Rxf2+ 35. Rxf2 Nd3+ 36. Ke3 Nxf2 37. Kxf2 Kc7 38. Ke3 Kb6 39. Kd3 Kc5 40. a3
b5 41. b4+ Kb6 42. cxb5 Kxb5 0-1

[Event "AUTO-MASTER-1410"]
[Site "http://www.queenalice.com/game.php?id=938873"]
[Date "2011.5.16"]
[Round "1"]
[White "tranquilli_calmo"]
[Black "patlang"]
[Result "1-0"]
[WhiteElo "1983"]
[BlackElo "1964"]

1. d4 d5 2. c4 dxc4 3. e4 e6 4. Bxc4 Bb4+ 5. Nc3 Nf6 6. e5 Nd5 7. a3 Nxc3 8. Qg4
Nb5+ 9. axb4 Rg8 10. Bxb5+ c6 11. Ba4 Bd7 12. Nf3 Na6 13. Bd2 Qe7 14. Ng5 h6 15.
Ne4 Nxb4 16. Nd6+ Kd8 17. Bxb4 Qg5 18. Nxf7+ 1-0